European Capitals by Picture - Statistics

General Stats
  • This quiz has been taken 279 times
  • The average score is 10 of 15
Answer Stats
Picture Answer % Correct
London
100%
Paris
100%
Moscow
98%
Athens
95%
Berlin
93%
Rome
93%
Madrid
75%
Prague
72%
Budapest
66%
Stockholm
63%
Lisbon
41%
Helsinki
40%
Bratislava
34%
Belgrade
33%
Vienna
23%
No matching quizzes found
Score Distribution
Percent of People with Each Score
Percentile by Number Answered
Your Score History
You have not taken this quiz